1112 1518 1101 1973 1840 1121 1531 1349 1484 1689 1108 1704 1893 1571 1715 1368 1174 1442 1948 1902 1176 1101 2000 1328 1174 1530 1183 1999 1143 1469 1004 1686 1723 1455 1541 1458 1379 1426 1011 1862 1771 1468 1626 1029 1035 1628 1335 1219 1440 1729 1030 1700 1748 1787 1879 1945 1040 1603 1880 1435 1130 1957 1376 1524 1850 1799 1440 1288 1624 1947 1724 1151 1305 1430 1386 1100 1929 1983 1232 1121 1759 1961 1418 1386 1324 1544 1225 1812 1450 1715 1107 1353 1873 1339 1841 1186 1381 1798 1396 BCNSPRNW ULIB Ver.6.0+V

เปลี่ยนเป็นภาษาไทย

Change to English
 แสดงรายละเอียดบรรณานุกรม
  กลับหน้าหลัก

Brief Record : Get Marc (ISO 2709) : E-mail record : QR code < ปิดหน้าต่าง
LEADER : 00000nam 2200000uu 4500
001    13399126671
003     ULIB
008    190206s2561||||th 000 0 tha d
020    ^a9786163982995
060    ^aWY16^bส46ป
100    ^aสุพิศ รุ่งเรืองศรี, บรรณาธิการ
245    ^aปฐมนิเทศวิชาชีพการพยาบาลและการผดุงครรภ์ = Introduction to Nursing and Midwifery Profession/^bสุพิศ รุ่งเรืองศรี, บรรณาธิการ
250    ^aพิมพ์ครั้งที่ 1
260    ^aเชียงใหม่ :^bคณะพยาบาลศาสตร์ มหาวิทยาลัยเชียงใหม่,^c2561
300    ^a144 หน้า
650    ^aพยาบาล--วิชาชีพ
945    ^p170^l0^i26965
945    ^p170^l0^i26974
945    ^p170^l0^i26973
945    ^p170^l0^i26972
945    ^p170^l0^i26971
945    ^p170^l0^i26970
945    ^p170^l0^i26969
945    ^p170^l0^i26968
945    ^p170^l0^i26967
945    ^p170^l0^i26966
999    ^aกัณชพร จุลอักษร
รายการนี้ยังไม่มีแท็ก
คุณยังไม่ได้ล็อกอิน คุณสามารถมีกิจกรรมร่วมกับเว็บไซต์ได้ แต่ต้องล็อกอินก่อน ::
  ล็อกอิน

รายการสื่อสารสนเทศ

ลำดับที่ ประเภท เลขเรียก/บาร์โค้ด สถานที่ สถานะ
1. หนังสือสำรอง
หนังสือสำรอง
WY16 ส46ป ฉ.1 
  Barcode: 26965
ห้องสมุดวิทยาเขตนครสวรรค์
►หนังสือทั่วไป:l:General Books
บนชั้น
2. วิทยาศาสตร์การแพทย์ และสุขภาพ
วิทยาศาสตร์การแพทย์ และสุขภาพ
WY16 ส46ป ฉ.10 
  Barcode: 26974
ห้องสมุดวิทยาเขตนครสวรรค์
►หนังสือทั่วไป:l:General Books
บนชั้น
3. วิทยาศาสตร์การแพทย์ และสุขภาพ
วิทยาศาสตร์การแพทย์ และสุขภาพ
WY16 ส46ป ฉ.2 
  Barcode: 26966
ห้องสมุดวิทยาเขตนครสวรรค์
►หนังสือทั่วไป:l:General Books
บนชั้น
4. วิทยาศาสตร์การแพทย์ และสุขภาพ
วิทยาศาสตร์การแพทย์ และสุขภาพ
WY16 ส46ป ฉ.3 
  Barcode: 26967
ห้องสมุดวิทยาเขตนครสวรรค์
►หนังสือทั่วไป:l:General Books
บนชั้น
5. วิทยาศาสตร์การแพทย์ และสุขภาพ
วิทยาศาสตร์การแพทย์ และสุขภาพ
WY16 ส46ป ฉ.4 
  Barcode: 26968
ห้องสมุดวิทยาเขตนครสวรรค์
►หนังสือทั่วไป:l:General Books
บนชั้น
6. วิทยาศาสตร์การแพทย์ และสุขภาพ
วิทยาศาสตร์การแพทย์ และสุขภาพ
WY16 ส46ป ฉ.5 
  Barcode: 26969
ห้องสมุดวิทยาเขตนครสวรรค์
►หนังสือทั่วไป:l:General Books
บนชั้น
7. วิทยาศาสตร์การแพทย์ และสุขภาพ
วิทยาศาสตร์การแพทย์ และสุขภาพ
WY16 ส46ป ฉ.6 
  Barcode: 26970
ห้องสมุดวิทยาเขตนครสวรรค์
►หนังสือทั่วไป:l:General Books
บนชั้น
8. วิทยาศาสตร์การแพทย์ และสุขภาพ
วิทยาศาสตร์การแพทย์ และสุขภาพ
WY16 ส46ป ฉ.7 
  Barcode: 26971
ห้องสมุดวิทยาเขตนครสวรรค์
►หนังสือทั่วไป:l:General Books
บนชั้น
9. วิทยาศาสตร์การแพทย์ และสุขภาพ
วิทยาศาสตร์การแพทย์ และสุขภาพ
WY16 ส46ป ฉ.8 
  Barcode: 26972
ห้องสมุดวิทยาเขตนครสวรรค์
►หนังสือทั่วไป:l:General Books
บนชั้น
10. วิทยาศาสตร์การแพทย์ และสุขภาพ
วิทยาศาสตร์การแพทย์ และสุขภาพ
WY16 ส46ป ฉ.9 
  Barcode: 26973
ห้องสมุดวิทยาเขตนครสวรรค์
►หนังสือทั่วไป:l:General Books
บนชั้น

รายการใกล้เคียง
    ผู้แต่ง [สุพิศ รุ่งเรืองศรี, บรรณาธิการ]

    หัวเรื่อง [พยาบาล--วิชาชีพ]

BibComment


ยังไม่เคยถูกคอมเมนท์

คอมเมนท์ทรัพยากรรายการนี้
  คอมเมนท์: ปฐมนิเทศวิชาชีพก..


 Copyright 2026. Bcnsprnw @Library